Statistics for Name a Valid Element - Syllables

Click here to take the quiz!

General Stats

  • This quiz has been taken 35 times
  • The average score is 5 of 6

Answer Stats

# of Syllables#Element% Correct
219Boron | Carbon | Fluorine | Neon | Sulfur +14 more
100%
345Hydrogen | Helium | Lithium | Nitrogen | Oxygen +40 more
100%
14Zinc | Tin | Gold | Lead
100%
511*Aluminium | Neodymium | Gadolinium | Protactinium | Americium + 6 more
86%
437*Beryllium | Aluminium | Potassium | Titanium | Vanadium + 32 more
86%
61Praseodymium
25%

Score Distribution

Percentile by Number Answered

Percent of People with Each Score

Your Score History

You have not taken this quiz